How animals care for their babies / (Record no. 114659)
[ view plain ]
| 000 -LEADER | |
|---|---|
| fixed length control field | 00685nam a2200169 a 4500 |
| 005 - DATE AND TIME OF LATEST TRANSACTION | |
| control field | 20140414132108.0 |
| 008 - FIXED-LENGTH DATA ELEMENTS--GENERAL INFORMATION | |
| fixed length control field | 110115s19uu xx 00 eng d |
| 050 ## - LIBRARY OF CONGRESS CALL NUMBER | |
| Classification number | M 591.56 |
| Item number | H52 6541 |
| 100 ## - MAIN ENTRY--PERSONAL NAME | |
| Personal name | Hirschland, Roger B. |
| 245 ## - TITLE STATEMENT | |
| Title | How animals care for their babies / |
| Statement of responsibility, etc | by Roger B. Hirschland. |
| 260 ## - PUBLICATION, DISTRIBUTION, ETC. (IMPRINT) | |
| Place of publication, distribution, etc | Washington, D.C. : |
| Name of publisher, distributor, etc | National Geographic Society, |
| Date of publication, distribution, etc | c1987. |
| 520 ## - SUMMARY, ETC. | |
| Summary, etc | Depicts different kinds of parental behavior among a variety of animals, including the trumpeter swan, mountain goat, and baboon. |
| 650 ## - SUBJECT ADDED ENTRY--TOPICAL TERM | |
| Topical term or geographic name as entry element | Parental behavior in animals |
| General subdivision | Juvenile literature. |
| 650 ## - SUBJECT ADDED ENTRY--TOPICAL TERM | |
| Topical term or geographic name as entry element | Animals |
| General subdivision | Infancy |
| -- | Juvenile literature. |
| 650 ## - SUBJECT ADDED ENTRY--TOPICAL TERM | |
| Topical term or geographic name as entry element | Animals |
| General subdivision | Infancy. |
| Withdrawn status | Lost status | Damaged status | Use restrictions | Home library | Current library | Shelving location | Date acquired | Source of acquisition | Cost, normal purchase price | Total Checkouts | Full call number | Barcode | Date last seen | Price effective from | Koha item type |
|---|---|---|---|---|---|---|---|---|---|---|---|---|---|---|---|
| Munich Library | Munich Library | Main Section | 01/15/2011 | 125.00 | M 591.56 H52 6541 | M6541 | 04/14/2014 | 04/14/2014 | Books |